| 000 | 00482nam a22001937a 4500 | ||
|---|---|---|---|
| 003 | OSt | ||
| 005 | 20240617115314.0 | ||
| 008 | 240617b |||||||| |||| 00| 0 eng d | ||
| 020 | _a9780226115498 | ||
| 040 | _cMUST | ||
| 082 | _a515 CON 1988 | ||
| 100 |
_aConstantin ,Peter _917343 |
||
| 245 |
_aNavier-Stokes Equations _cPeter Constantin |
||
| 300 |
_aix ,190p _c20cm |
||
| 504 | _aIndexes | ||
| 650 | _2Mathematics | ||
| 700 |
_aFoias , Ciprian _917344 |
||
| 942 |
_2ddc _cO_SHELF |
||
| 999 |
_c8541 _d8541 |
||